书目信息 |
| 题名: |
中国人民广播回忆录
|
|
| 作者: | ;北京广播学院新闻系 编选 | |
| 分册: | ||
| 出版信息: | 北京 广播出版社 1983 |
|
| 页数: | 290页 | |
| 开本: | 19cm | |
| 丛书名: | ||
| 单 册: | ||
| 中图分类: | G229.29 | |
| 科图分类: | ||
| 主题词: | 广播事业-新闻事业史--中国 , 新闻事业史-广播事业--中国 | |
| 电子资源: | ||
| ISBN: | ||
| 000 | 00748nam0 2200253 45 | |
| 001 | 0183009612 | |
| 005 | 20040427154308.1 | |
| 010 | @dCNY0.94 | |
| 091 | @a11236.002 | |
| 100 | @a19950612d1983 em y0chiy0121 ea | |
| 101 | 0 | @achi |
| 102 | @aCN@b110000 | |
| 105 | @ay z 000yy | |
| 106 | @ar | |
| 200 | 10 | @a中国人民广播回忆录@Azhong guo ren min guang bo hui yi lu@f北京广播学院新闻系编选 |
| 210 | @a北京@c广播出版社@d1983 | |
| 215 | @a290页@d19cm | |
| 606 | @a广播事业-新闻事业史@y中国 | |
| 606 | @a新闻事业史-广播事业@y中国 | |
| 690 | @aG229.29@v3 | |
| 711 | 02 | @a北京广播学院新闻系@Abei jing guang bo xue yuan xin wen xi@4编选 |
| 801 | 0 | @aCN@b上海图书馆@c20040427 |
| 801 | 2 | @aCN@bNLC@c20040427 |
| 905 | @f2@b109544-545@dG229.29@e1 | |
| 中国人民广播回忆录/北京广播学院新闻系编选.-北京:广播出版社,1983 |
| 290页;19cm |
| ISBN :CNY0.94 |
| ● |
| 相关链接 |
|
|
|
|
正题名:中国人民广播回忆录
索取号:G229.29/1
 
预约/预借
| 序号 | 登录号 | 条形码 | 馆藏地/架位号 | 状态 | 备注 |
| 1 | 0109544 | 000497652 | 第四借阅区/ [索取号:G229.29/1] | 在馆 | |
| 2 | 0109545 | 000497661 | 第四借阅区/ [索取号:G229.29/1] | 在馆 | |
| 3 | 0109546 | 000497643 | 第一样本阅览室/ [索取号:G229.29/1] | 在馆 |